Derhaka (Record no. 65724)

MARC details
000 -LEADER
fixed length control field 00746nam a2200265 i 4500
001 - CONTROL NUMBER
control field C2-0252732
003 - CONTROL NUMBER IDENTIFIER
control field PPAK
005 - DATE AND TIME OF LATEST TRANSACTION
control field 20180727215854.0
008 - FIXED-LENGTH DATA ELEMENTS--GENERAL INFORMATION
fixed length control field 031202s2003 my a|||| ||||| | may d
020 ## - INTERNATIONAL STANDARD BOOK NUMBER
International Standard Book Number 9832712017
040 ## - CATALOGING SOURCE
Original cataloging agency PPAK
Language of cataloging eng
Transcribing agency PPAK
Description conventions rda
082 04 - DEWEY DECIMAL CLASSIFICATION NUMBER
Classification number 499.2386
Edition number 23
090 00 - LOCALLY ASSIGNED LC-TYPE CALL NUMBER (OCLC); LOCAL CALL NUMBER (RLIN)
Classification number (OCLC) (R) ; Classification number, CALL (RLIN) (NR) 499.2386
Feature heading BAH
Feature heading K
100 0# - MAIN ENTRY--PERSONAL NAME
Personal name Bahasa Othman,
Relator term author
245 10 - TITLE STATEMENT
Title Derhaka
264 #1 - PRODUCTION, PUBLICATION, DISTRIBUTION, MANUFACTURE, AND COPYRIGHT NOTICE
Place of production, publication, distribution, manufacture Petaling Jaya, Selangor :
Name of producer, publisher, distributor, manufacturer Sinaran Ilmu Enterprise ,
Date of production, publication, distribution, manufacture, or copyright notice 2003
300 ## - PHYSICAL DESCRIPTION
Extent 30 pages :
Other physical details illustrations ;
Dimensions 18 cm
336 ## - CONTENT TYPE
Source rdacontent
Content type term text
337 ## - MEDIA TYPE
Source rdamedia
Media type term unmediated
338 ## - CARRIER TYPE
Source rdacarrier
Carrier type term volume
490 1# - SERIES STATEMENT
Series statement Siri sinaran nilai murni
650 10 - SUBJECT ADDED ENTRY--TOPICAL TERM
Topical term or geographic name entry element Bahasa Melayu - Readers
830 #0 - SERIES ADDED ENTRY--UNIFORM TITLE
Uniform title Siri sinaran nilai murni
942 ## - ADDED ENTRY ELEMENTS (KOHA)
-- dc
Koha item type Book
Holdings
Withdrawn Not for loan Current library Shelving location Date acquired Full call number Barcode Date last seen Koha item type Total Checkouts
    PD15, Kg. Naga, Kepala Batas Pinjaman Kanak-kanak 02/12/2003 K 499.2386 BAH A01062366 08/05/2018 Book  
    PD37, Kg. Belat, Pendang Pinjaman Kanak-kanak 02/12/2003 K 499.2386 BAH A01062364 08/05/2018 Book  
    PD39, Felda Bukit Tembaga, Kuala Nerang Pinjaman Kanak-kanak 02/12/2003 K 499.2386 BAH A01062367 08/05/2018 Book